000
00369nam a22001577a 4500
003
MPLRDC
005
20220104123601.0
008
210129b ||||| |||| 00| 0 eng d
082
_a
294.1 LZ
100
_a
林真
245
_a
办公室与店铺风水
_c
260
_a
_b
林歌出版社
_c
1997
300
_b
平
650
_a
堪舆--相宅
942
_c
BK
_o
294.1 LZ
999
_c
12569
_d
12559